Statistics for English Football Teams Starting With 'L'

Click here to take the quiz!

General Stats

  • This quiz has been taken 16 times
  • The average score is 5 of 6

Answer Stats

Answer% Correct
Liverpool
100%
Luton Town
100%
Leeds United
94%
Leicester City
94%
Lincoln City
88%
Leyton Orient
50%

Score Distribution

Percentile by Number Answered

Percent of People with Each Score

Your Score History

You have not taken this quiz